000 00741cam a2200277ua 4500
020 _c6.00
041 _aeng
_h
082 _a536
_bSAV/TE
100 _aSavarirayan, S J .
245 _aText book of heat /
_cS J Savarirayan.
_hTextual Documents
250 _a3 /
_b.
260 _aMadras :
_bNational publishing co. ,
_c1965.
300 _a300 ; .
365 _a6.00
440 0 _aThe national publishing co. physics series,
_v
_x;
490 0 _aThe national publishing co. physics series,
_v
_x;
504 _a
700 1 _aKrishnan, G .
700 1 _aVenkatesan, K S .
942 _cBK
999 _c11064
_d11064